Normal view
MARC view
- Chowan, Charles D.
Entry Personal Name
001 - CONTROL NUMBER
- control field: 67686
003 - CONTROL NUMBER IDENTIFIER
- control field: ES-MaIEF
005 - DATE AND TIME OF LATEST TRANSACTION
- control field: 20191211123845.0
008 - FIXED-LENGTH DATA ELEMENTS
- fixed length control field: 191211|| aca||aabn | a|a d
040 ## - CATALOGING SOURCE
- Original cataloging agency: ES-MaIEF
100 ## - HEADING--PERSONAL NAME
- Personal name: Chowan, Charles D.
670 ## - SOURCE DATA FOUND
- Source citation: UCM